01472nam a2200265Ia 450000100060000000300090000600800410001504000130005604000130006904100130008210000250009510000290012024000150014924000350016424500500019924500500024925000110029926000110031026000120032126000490033330000570038250006950043965000410113465000310117599331IT-RoPAU130308s9999 xx 000 0 und d aIT-RoPAU cIT-RoPAU aITALIANO aDe Jouvenel Bertrand gCodice Aut. SPICS: 34162 aDU POUVOIR gCodice Tit. Orig. Spics: T2333 aDel potere-Storia naturale della sua crescita bDel Potere-Storia Naturale della Sua Crescita a1a ed. aMILANO bSugarco c1991 [1° Ed.:1991 - Ed.Ling.Originale:1972] a"464 p. (prefazione: no ; testo: 464 [pagine: 0-0])" aEstensione del Potere e della Guerra. sopravvivenza del Potere Assoluto. Metafisiche del Potere. Obbedienza Civile. teorie della Sovranità. teorie Organiche del Potere. Origini Magiche del Potere. Avvento del Guerriero. Sulla Natura del Potere. Dialettica del Comando. carattere Espansionistico Delpotere. Sulla concorrenza Politica. Stato Come Rivoluzione Permanente. Potere Come Aggressore dell'ordine Sociale. Potere e Plebe. Potere e Credenze.Potere cambia D'Aspetto Ma Non di Natura. Rivoluzioni. Imperium e Democrazia. Democrazia totalitaria. Potere Limitato e Illimitato. Potere e Diritto.Radici Aristocratiche della Libertà. Libertà e Sicurezza. Ordine e Protettorato Sociale. aPOLITICA DELLA COMUNICAZIONE SOCIALE eCodice materia Spics: 3803